[Event "Ankara Baskent Univ op-B 3rd"]
[Site "Ankara"]
[Date "2018.08.29"]
[Round "5"]
[White "Guldur, Burak"]
[Black "Karaaslan, Murat"]
[Result "1-0"]
[WhiteElo "1551"]
[BlackElo "1542"]
[PlyCount "99"]
[EventDate "2018.08.27"]
[EventType "swiss"]
[EventRounds "9"]
[EventCountry "TUR"]
[SourceTitle "EXT 2021"]
[Source "ChessBase"]
[SourceDate "2020.10.23"]
[SourceVersion "1"]
[SourceVersionDate "2020.10.23"]
[SourceQuality "1"]

1. d4 g6 2. Nf3 Bg7 3. c4 Nf6 4. Nc3 c5 5. d5 d6 6. e4 0-0 7. Be2 Nbd7 8. h3 a6 9. 0-0 Rb8 10. a4 Re8 11. Bf4 Nh5 12. Be3 Nb6 13. Qd2 e5 14. Nh2 Nf6 15. b3 h5 16. Bh6 Nh7 17. Bxg7 Kxg7 18. f4 exf4 19. Rxf4 Nd7 20. Raf1 Ne5 21. h4 f6 22. Qd1 Qe7 23. g4 hxg4 24. Bxg4 f5 25. exf5 Nxg4 26. Qxg4 Kh8 27. Re4 Qf8 28. Rxe8 Qxe8 29. Qxg6 Qe3+ 30. Kh1 Bxf5 31. Qxf5 Qxc3 32. Qf3 Qxf3+ 33. Rxf3 b5 34. axb5 axb5 35. Rf4 bxc4 36. bxc4 Rf8 37. Rxf8+ Nxf8 38. Kg2 Ng6 39. Nf3 Kg7 40. Kg3 Ne7 41. Kf4 Kg6 42. Ng5 Kh5 43. Ne4 Nc8 44. Kf5 Kxh4 45. Ke6 Kg4 46. Nxd6 Nb6 47. Nf7 Kf4 48. d6 Ke3 49. d7 Nxd7 50. Kxd7 1-0